| 000 | 00761nam a2200241 a 4500 | ||
|---|---|---|---|
| 001 | 85452 | ||
| 003 | BD-RjUL | ||
| 005 | 20250806130306.0 | ||
| 008 | 250806s1986 kn ||||| |||| 00| 0 eng d | ||
| 035 | _a(BD-RjUL)85452 | ||
| 040 |
_aBD-RjUL _beng _cBD-RjUL |
||
| 041 | _aeng | ||
| 082 |
_223 _a951.93043 _bSUH 1986 |
||
| 100 |
_aSung, Kim Il _916485 |
||
| 245 |
_aHistorical experience of building the Workers' Party of Korea / _cKim Il Sung |
||
| 260 |
_aPyongyang : _bForeign Languages Pub. House, _c1986 |
||
| 300 |
_a109 pages; _c19 cm. |
||
| 600 |
_aSung, Kim Il _916485 |
||
| 650 |
_aNorth Korea _xHistory _yKim Il Sung, 1948-1994 _916486 |
||
| 650 |
_aCommunism Korea (North) History _916487 |
||
| 650 |
_aCommunist parties _916488 |
||
| 942 |
_2ddc _cBK |
||
| 999 |
_c85452 _d85452 |
||